Science Quiz

Random Science or Clickable Quiz

Innervation of Head and Neck Muscles Quiz Stats

 Plays Quiz not verified by Sporcle

Score 0/50 Timer 10:00
0 Plays Today
% Correct
Facial
89.1%
Facial
86%
Facial
83.2%
Facial
82.2%
Facial
82.2%
Facial
81.6%
Facial
81.4%
Facial
80.1%
Facial
79.4%
Facial
78.7%
Facial
76.8%
Oculomotor
76.3%
Facial
75.2%
Spinal Accessory
75.1%
Spinal Accessory
75.1%
Oculomotor
75%
Facial
75%
Mandibular
72.4%
Mandibular
71.4%
Oculomotor
70.8%
Facial
69.4%
Facial
69.2%
Ansa Cervicalis (C1-C3)
68.7%
Facial
68.5%
Ansa Cervicalis (C1-C3)
67.8%
% Correct
Mandibular
67.4%
Abducens
65.1%
Oculomotor
64.7%
Trochlear
64.3%
Hypoglossal
64.3%
Mandibular
61.4%
Ansa Cervicalis (C1-C3)
60.2%
Facial
57.2%
Pharyngeal (vagus)
56.4%
Recurrent Laryngeal (vagus)
56%
Oculomotor
54.5%
Pharyngeal (vagus)
54.1%
Hypoglossal
50.2%
Vagus
49.3%
Glossopharyngeal
46.8%
Recurrent Laryngeal (vagus)
46.6%
Ansa Cervicalis (C1-C3)
46.3%
Mandibular
45.9%
Facial
44.5%
External Laryngeal (vagus)
42%
Facial
40.7%
Inferior Alveolar (mandibular)
37.6%
Vagus
34.7%
Inferior Alveolar (mandibular)
34.5%
Mandibular
27.1%

You're not logged in!

Compare scores with friends on all Sporcle quizzes.
OR
Log In

Sporcle TV

Today on Sporcle TV


Watch our educational content, quiz creation guides, and fun videos on Sporcle TV.

Show Comments

Extras

Top Quizzes Today


Score Distribution

Your Account Isn't Verified!

In order to create a playlist on Sporcle, you need to verify the email address you used during registration. Go to your Sporcle Settings to finish the process.

Report this User

Report this user for behavior that violates our Community Guidelines.

Details: